000 01031nam a2200289 i 4500
001 bg
245 0 0 _aWyznaczanie stref zagrożenia powodziowego /
_cLaura Radczuk [et al.] ; Biuro Koordynacji Projektu Banku Światowego.
260 _aWrocław :
_b"Safege" :
_bBKPBŚ,
_ccop. 2001.
300 _a251 s., [16] s. tabl. kolor. :
_bil., mapy ;
_c23 cm.
490 1 _aOgraniczanie Skutków Powodzi w Skali Lokalnej
504 _aBibliogr. przy rozdz.
650 9 _aGIS
_xstosowanie
650 9 _aPowódź
_xgeneza
_xbadanie
_xmetody
650 9 _aPowódź
_xzapobieganie i zwalczanie
650 9 _aSamorząd terytorialny
_xa powódź
655 _aPodręczniki
700 1 _aRadczuk, Laura
710 0 _aBiuro Koordynacji Projektu Banku Światowego (Wrocław)
830 _aOgraniczanie Skutków Powodzi w Skali Lokalnej
020 _a8391497410
040 _cBPK
041 0 _apl
080 _a556.166:002.52:004.65:352/353](07)
920 _a83-914974-1-0
942 _cKS
008 s pl f |000 0 pol
999 _c42241
_d42241
856 _uhttp://koha.tu.koszalin.pl/cgi-bin/koha/opac-detail.pl?biblionumber=42241
_yKatalog online BPK